|
|
|
|
| LEADER |
00000nam0a2200000 4500 |
| 001 |
356954 |
| 005 |
20231101042107.0 |
| 035 |
|
|
|a (RuTPU)RU\TPU\retro\14214
|
| 090 |
|
|
|a 356954
|
| 100 |
|
|
|a 20200724d1973 km y0rusy50 ca
|
| 101 |
0 |
|
|a rus
|
| 102 |
|
|
|a RU
|
| 105 |
|
|
|a a z 001zy
|
| 200 |
1 |
|
|a Открытая разработка сложноструктурных месторождений цветных металлов
|f Б. П. Юматов, Б. Н. Байков, В. П. Смирнов
|g под ред. Б. П. Юматова
|
| 210 |
|
|
|a Москва
|c Недра
|d 1973
|
| 215 |
|
|
|a 192 с.
|c ил.
|
| 320 |
|
|
|a Библиогр.: с. 190-191
|
| 606 |
1 |
|
|a Руды цветных металлов
|x Месторождения
|x Системы разработки
|2 stltpush
|3 (RuTPU)RU\TPU\subj\26223
|
| 610 |
1 |
|
|a сложноструктурные месторождения
|
| 610 |
1 |
|
|a открытая разработка
|
| 610 |
1 |
|
|a геолого-морфотектонические исследования
|
| 610 |
1 |
|
|a карьеры
|
| 610 |
1 |
|
|a технико-экономические показатели
|
| 610 |
1 |
|
|a потери
|
| 610 |
1 |
|
|a нормирование
|
| 610 |
1 |
|
|a разубоживание
|
| 675 |
|
|
|a 622.342/.349
|v 4
|
| 700 |
|
1 |
|a Юматов
|b Б. П.
|g Борис Петрович
|
| 701 |
|
1 |
|a Байков
|b Б. Н.
|g Бронислав Николаевич
|
| 701 |
|
1 |
|a Смирнов
|b В. П.
|g Виктор Петрович
|
| 702 |
|
1 |
|a Юматов
|b Б. П.
|g Борис Петрович
|4 340
|
| 801 |
|
1 |
|a RU
|b 63413507
|c 20200724
|
| 801 |
|
2 |
|a RU
|b 63413507
|c 20210401
|g RCR
|
| 942 |
|
|
|c BK
|